Score 0/30 Timer 05:00
31 Plays Today
% Correct
Cold
97%
Clean
96.9%
Cheap
96.8%
Correct
96%
Common
94.3%
Complicated
93.6%
Courage
93.5%
Close
93%
Construction
92.7%
Captive
91.5%
Courteous
91.3%
Conceal
91.3%
Combine
91%
Collect
89.3%
Chic
89.3%
% Correct
Compulsory
83.6%
Callous
75.1%
Crestfallen
74.7%
Coy
71.4%
Careless
71.1%
Circuitous
66.8%
Corpulent
61.8%
Capitulate
57%
Capacious
47.1%
Callow
40.1%
Cumbrous
34.1%
Canorous
32.9%
Cuspate
21.4%
Costate
14.4%
Caliginous
12.8%
Remove Ads.
Support Sporcle.
Get the best of Sporcle when you Go Orange. This ad-free experience offers more features, more stats, and more fun while also helping to support Sporcle. Thank you for becoming a member.

You're not logged in!

Compare scores with friends on all Sporcle quizzes.
OR
Log In

Show Comments

Extras

Top Quizzes Today


Score Distribution

Your Account Isn't Verified!

In order to create a playlist on Sporcle, you need to verify the email address you used during registration. Go to your Sporcle Settings to finish the process.

Report this User

Report this user for behavior that violates our Community Guidelines.

Details: